Normal view
MARC view
Entry Término temático
001 - NÚMERO DE CONTROL
- campo de control: 29584
003 - IDENTIFICADOR DEL NÚMERO DE CONTROL
- campo de control: FranzMayer
005 - FECHA Y HORA DE LA ÚLTIMA TRANSACCIÓN
- campo de control: 20230904125519.0
008 - DATOS DE LONGITUD FIJA
- campo de control de longitud fija: 230904|| aca||aabn | a|a d
040 ## - FUENTE DE LA CATALOGACIÓN
- Centro catalogador/agencia de origen: FranzMayer
- Centro/agencia transcriptor: FranzMayer
150 ## - ENCABEZAMIENTO--TÉRMINO DE MATERIA
- Término de materia o nombre geográfico como elemento de entrada: Joyería
- Subdivisión de forma: Arte con plata
670 ## - FUENTE DE DATOS ENCONTRADOS
- Cita de la fuente: Work cat.: (FranzMayer)11029: Responsable Seb Stian 29583, La plata y el arte, 2010